University Home | Library Home | Institutional Repository

Whatever became of sin?. (Record no. 152248)

MARC details
000 -LEADER
fixed length control field 00549cam6a220020500 4500
001 - CONTROL NUMBER
control field tmp15212117
003 - CONTROL NUMBER IDENTIFIER
control field UPRA
005 - DATE AND TIME OF LATEST TRANSACTION
control field 20190823111749.0
008 - FIXED-LENGTH DATA ELEMENTS--GENERAL INFORMATION
fixed length control field 950717s1979 nyu eng u
035 ## - SYSTEM CONTROL NUMBER
System control number (Sirsi) r101189
035 ## - SYSTEM CONTROL NUMBER
System control number (UPRA)tmp15212117
040 ## - CATALOGING SOURCE
Transcribing agency UPRA
100 1# - MAIN ENTRY--PERSONAL NAME
Personal name Menninger, Karl.
Linkage A59288.1
245 10 - TITLE STATEMENT
Title Whatever became of sin?.
260 ## - PUBLICATION, DISTRIBUTION, ETC.
Place of publication, distribution, etc. New York :
Name of publisher, distributor, etc. Hawthorn Books,
Date of publication, distribution, etc. [1975 (1979)]
504 ## - BIBLIOGRAPHY, ETC. NOTE
Bibliography, etc. note Bibliography.
650 #0 - SUBJECT ADDED ENTRY--TOPICAL TERM
Topical term or geographic name entry element Sin.
Linkage S29758.1
949 ## - LOCAL PROCESSING INFORMATION (OCLC)
a BV4625
w lcc
i -144149
m MAIN
t BOOK
l ON-SHELF

No items available.

© 2026 - The University of Zambia Library - Koha v25.11